=LDR 00000nam 2200000 4500 =001 INLIS000000000041041 =005 20130612150608 =008 ***********************************ind** =035 ##$$0010-061300000041041 =041 ##$$a ind =082 ##$$a 8 x 0.98 =090 ##$$a .; 8 x 0.98, Jas c.2 =100 ##$$a Jassin.H.B =245 ##$$a Chairil Anwar, Pelopor Angkatan 45, H.B.Jassin =260 ##$$a gunung Agung $b Jakarta =300 ##$$a 184 hlmc20 cm =850 ##$$a NBPNMAT